书目信息 |
| 题名: |
突破瓶颈
|
|
| 作者: | 格伯 著 ;王甜甜 译 | |
| 分册: | ||
| 出版信息: | 北京 中信出版社 2007.06 |
|
| 页数: | 21, 274页 | |
| 开本: | 25cm | |
| 丛书名: | ||
| 单 册: | ||
| 中图分类: | F276.3 | |
| 科图分类: | ||
| 主题词: | 小型企业--xiao xing qi ye--企业管理 | |
| 电子资源: | ||
| ISBN: | 978-7-5086-0860-0 | |
| 000 | 01142nam0 2200253 450 | |
| 001 | 012008820528 | |
| 005 | 20080504111835.21 | |
| 010 | @a978-7-5086-0860-0@dCNY38.00 | |
| 100 | @a20080429d2007 em y0chiy0120 ea | |
| 101 | 1 | @achi@ceng |
| 102 | @aCN@b110000 | |
| 105 | @ay z 000yy | |
| 106 | @ar | |
| 200 | 1 | @a突破瓶颈@Atu po ping jing@d= The e-myth revisited: why most small businesses don't work and what to do about it@f(美) 迈克尔·格伯著@F(mei)mai ke er·ge bo zhu@g王甜甜译@Gwang tian tian yi@zeng |
| 210 | @a北京@c中信出版社@d2007.06 | |
| 215 | @a21, 274页@d25cm | |
| 330 | @a本书帮助小企业经营者突破瓶颈期,在复杂多变的商场上立于不败之地,分三部分,主要内容包括:受挫的创业者、三重身份、失败的杂技高手、管理者的觉醒、飞出温室、行之有效的公司模式、特许经营模式、公司外部的着眼点等。 | |
| 500 | 10 | @aE-myth revisited: why most small businesses don't work and what to do about it@mChinese |
| 606 | 0 | @a小型企业@Axiao xing qi ye@x企业管理 |
| 690 | @aF276.3@v4 | |
| 701 | 1 | @a格伯@Age bo@g(Gerber, Michael E.)@4著 |
| 702 | 0 | @a王甜甜@Awang tian tian@4译 |
| 801 | 0 | @aCN@bQSSK@c20080504 |
| 905 | @b299352-53@dF276.3@eG269@f2 | |
| 突破瓶颈= The e-myth revisited: why most small businesses don't work and what to do about it/(美) 迈克尔·格伯著/王甜甜译.-北京:中信出版社,2007.06 |
| 21, 274页;25cm |
| ISBN 978-7-5086-0860-0:CNY38.00 |
| 本书帮助小企业经营者突破瓶颈期,在复杂多变的商场上立于不败之地,分三部分,主要内容包括:受挫的创业者、三重身份、失败的杂技高手、管理者的觉醒、飞出温室、行之有效的公司模式、特许经营模式、公司外部的着眼点等。 |
| ● |
| 相关链接 |
|
|
|
正题名:突破瓶颈
索取号:F276.3/G269
 
预约/预借
| 序号 | 登录号 | 条形码 | 馆藏地/架位号 | 状态 | 备注 |
| 1 | 299352 | 202993528 | 社科二线422/409社科库 95排4列4层/ [索取号:F276.3/G269] | 在馆 | |
| 2 | 299353 | 202993537 | 社科库409/409社科库 95排4列4层/ [索取号:F276.3/G269] | 在馆 |